Score 0/22 Timer 07:00
4 Plays Today
% Correct
E.T. the Extra-Terrestrial
98.6%
Shrek
97.7%
Ted
94.7%
The Martian
80.5%
The Nightmare Before Christmas
79.4%
The Wizard of Oz
78.6%
The Lord of the Rings: The Two Towers
75.9%
Slumdog Millionaire
75.4%
Toy Story
74.2%
Jurassic Park
71.6%
Mamma Mia!
67.2%
% Correct
Apocalypse Now
62.7%
Top Gun
61.6%
Harry Potter and the Order of the Phoenix
57.9%
The Shape of Water
52.7%
Star Wars: The Last Jedi
52.4%
Psycho
46.8%
Lucy
46.1%
Thor: Ragnarok
37.5%
Prometheus
31.9%
Big Fish
25%
Blade Runner 2049
24.6%

You're not logged in!

Compare scores with friends on all Sporcle quizzes.
OR
Log In

Sporcle TV

Today on Sporcle TV


Watch our educational content, quiz creation guides, and fun videos on Sporcle TV.

Show Comments

Extras

Top Quizzes Today


Score Distribution

Paid Content

Your Account Isn't Verified!

In order to create a playlist on Sporcle, you need to verify the email address you used during registration. Go to your Sporcle Settings to finish the process.

Report this User

Report this user for behavior that violates our Community Guidelines.

Details: